000
00282nam a22001337a 4500
020
_a
978-93-82515-65-4
082
_a
001
_b
GOU/S
100
_a
GOULD, WAYNE
245
_a
SUDOKU
260
_a
THRISSUR
_b
H & C PUBLISHING HOUSE
_c
2012
300
_a
64
520
_a
SUDOKU
942
_c
BK
999
_c
6712
_d
6712